000 00708nam a2200289Ia 4500
005 20260324131930.0
008 008 260324s9999 xx 000 0 eng d
020 _a9781315702919
037 _aEBOOK
040 _aCRL
040 _beng
040 _cCRL
041 _2eng
041 _aeng
084 _qCRL
100 _aScott A. Quatro; Ronald R. Sims
_91187395
245 0 _aLeadership
245 0 _bSucceeding in the Private, Public, and Not-for-profit Sectors
260 _bTaylor and Francis
260 _c2005
365 _a
365 _b325
856 _uhttp://www.taylorfrancis.com/books/9781315702919
942 _cEBOOK
999 _c1784990
_d1784990